Good neighbours (Record no. 84697)
[ view plain ]
| 000 -LEADER | |
|---|---|
| fixed length control field | 00593cab a22001815a 4500 |
| 001 - CONTROL NUMBER | |
| control field | L158790 |
| 008 - FIXED-LENGTH DATA ELEMENTS--GENERAL INFORMATION | |
| fixed length control field | 150723e2015 xxk 000 0 eng d |
| 035 ## - SYSTEM CONTROL NUMBER | |
| System control number | (Sirsi) u158790 |
| 041 0# - LANGUAGE CODE | |
| Language code of text/sound track or separate title | eng |
| 100 1# - MAIN ENTRY--PERSONAL NAME | |
| Personal name | Futcher, Julie |
| 245 00 - TITLE STATEMENT | |
| Title | Good neighbours |
| 490 ## - SERIES STATEMENT | |
| Series statement | RICS Building Control |
| Volume/sequential designation | June2015- July 2015, 12-13(2) |
| 520 ## - SUMMARY, ETC. | |
| Summary, etc. | The energy impact of tall buildings on neighbourhoods should be taken into account when evaluating their carbon emissions say the authors of this piece. |
| 651 #4 - SUBJECT ADDED ENTRY--GEOGRAPHIC NAME | |
| Geographic name | United Kingdom |
| Chronological subdivision | |
| 700 1# - ADDED ENTRY--PERSONAL NAME | |
| Personal name | Mills, Gerald |
| 700 1# - ADDED ENTRY--PERSONAL NAME | |
| Personal name | Korolija, Ivan |
| 942 ## - ADDED ENTRY ELEMENTS (KOHA) | |
| Suppress in OPAC | 0 |
| Withdrawn status | Lost status | Source of classification or shelving scheme | Damaged status | Not for loan | Home library | Current library | Shelving location | Date acquired | Total Checkouts | Full call number | Barcode | Date last seen | Copy number | Price effective from | Koha item type |
|---|---|---|---|---|---|---|---|---|---|---|---|---|---|---|---|
| Dewey Decimal Classification | London | London | Journals | 23/07/2015 | L158790 | 158790-1001 | 06/08/2019 | 1 | 06/08/2019 | Journal article |